Aguas sulfhídricas frías ferro-manganíferas : análisis y virtudes medicinales de las aguas / (Record no. 164263)

MARC details
000 -LEADER
campo de control de longitud fija 01165nam a2200205 i 4500
001 - NÚMERO DE CONTROL
campo de control 164263
003 - IDENTIFICADOR DE NÚMERO DE CONTROL
campo de control ES-MaACL
005 - FECHA Y HORA DE LA ÚLTIMA TRANSACCIÓN
campo de control 20230906212913.0
008 - DATOS DE LONGITUD FIJA--INFORMACIÓN GENERAL
campo de control de longitud fija 990216s1877 sp |||| | spa d
100 1# - ENTRADA PRINCIPAL--NOMBRE DE PERSONA
Nombre de persona Sáenz Díez, Manuel.
9 (RLIN) 101327
245 10 - MENCIÓN DEL TÍTULO
Título Aguas sulfhídricas frías ferro-manganíferas : análisis y virtudes medicinales de las aguas /
Mención de responsabilidad, etc. por Manuel Sáenz Díez y José Hernández Silva.
260 ## - PUBLICACIÓN, DISTRIBUCIÓN, ETC.
Lugar de publicación, distribución, etc. Madrid :
Nombre del editor, distribuidor, etc. [s.n.],
Fecha de publicación, distribución, etc. 1877 (
Fabricante Establecimiento tip. de Enrique Vicente)
300 ## - DESCRIPCIÓN FÍSICA
Extensión 46 p. ;
Dimensiones 21 cm.
594 ## - Nota al título y mención de responsabilidad
Nota al título y mención de responsabilidad Precece al tít.: Establecimiento de los Baños Viejos de Elorrio (Vizcaya)
650 ## - PUNTO DE ACCESO ADICIONAL DE MATERIA--TÉRMINO DE MATERIA
Término de materia o nombre geográfico como elemento de entrada Aguas minerales-
Subdivisión geográfica País Vasco.
9 (RLIN) 172296
700 1# - ENTRADA AGREGADA--NOMBRE PERSONAL
Nombre de persona Hernández Silva, José.
9 (RLIN) 127905
852 ## - LOCALIZACIÓN
Ubicación ES-MaACL
Número de control de estantería T-855-F-6
Nota libre - Enc. hol., conservando cub. original
-- . - Dedicatoria ms. de Gustavo Saenz Diez a la biblioteca "Los Escolares Médicos"
-- - Enc. en un vol. facticio
852 ## - LOCALIZACIÓN
Ubicación ES-MaACL
Número de control de estantería T-470-F-9
Nota libre - Enc. hol.
-- . - Dedicatoria de Gustavo Saenz Diez a la Biblioteca de "Los Escolares Médicos"
condición física - Falto de cub. original
Nota libre - Enc. en un vol. facticio
852 ## - LOCALIZACIÓN
Ubicación ES-MaACL
Número de control de estantería T-341-F-8
Nota libre - Enc. hol.
-- - Enc. en un vol. facticio
Holdings
Estatus retirado Estado de pérdida Estado de daño No para préstamo Colección Biblioteca de origen Biblioteca actual Ubicación en estantería Fecha de adquisición Total de préstamos Signatura topográfica completa Código de barras Visto por última vez Precio de reemplazo Tipo de ítem Koha
        Colección de folletos Biblioteca del Ateneo de Madrid Biblioteca del Ateneo de Madrid Depósito folletos 17/01/2008   T-341-F-8 1172172 23/02/2023 23/02/2023 Folleto
        Colección de folletos Biblioteca del Ateneo de Madrid Biblioteca del Ateneo de Madrid Depósito folletos 17/01/2008   T-855-F-6 1172170 23/02/2023 23/02/2023 Folleto
        Colección de folletos Biblioteca del Ateneo de Madrid Biblioteca del Ateneo de Madrid Depósito folletos 17/01/2008   T-470-F-9 1172171 23/02/2023 23/02/2023 Folleto